Daddy Cool - Boney M. - All Lyrics - Statistics

General Stats
  • This quiz has been taken 47 times
  • The average score is 92 of 113
Answer Stats
Answer % Correct
Cool
97%
Daddy
97%
Daddy,
97%
daddy
97%
daddy"
97%
a
91%
fool
88%
like
88%
crazy
85%
Oh,
85%
she
82%
She
82%
She's
74%
"She's
74%
about
71%
'bout
71%
I’m
53%
her
29%
loves
29%
him
26%
Wild
21%
in
15%
believes
9%
No matching quizzes found
Score Distribution
Percent of People with Each Score
Percentile by Number Answered
Your Score History
You have not taken this quiz